Relaciones México-Estados Unidos (Registro nro. 126178)

Detalles MARC
000 -LEADER
campo de control de longitud fija 00556nam a2200157 4500
001 - NÚMERO DE CONTROL
campo de control 126178
003 - IDENTIFICADOR DE NÚMERO DE CONTROL
campo de control ES-MaACL
007 - CAMPO FIJO DE DESCRIPCIÓN FÍSICA--INFORMACIÓN GENERAL
campo de control de longitud fija t|
008 - DATOS DE LONGITUD FIJA--INFORMACIÓN GENERAL
campo de control de longitud fija 070214s1981 mx r ||||1| spa d
245 00 - MENCIÓN DEL TÍTULO
Título Relaciones México-Estados Unidos
Resto del título : una visión interdisciplinaria /
Mención de responsabilidad, etc. introducción y coordinación de Alonso Gómez-Robledo Verduzco.
250 ## - MENCION DE EDICION
Mención de edición 1ª ed.
260 ## - PUBLICACIÓN, DISTRIBUCIÓN, ETC.
Lugar de publicación, distribución, etc. México :
Nombre del editor, distribuidor, etc. Universidad Nacional Autónoma de México,
Fecha de publicación, distribución, etc. 1981.
300 ## - DESCRIPCIÓN FÍSICA
Extensión 438 p. ;
Dimensiones 22 cm.
700 1# - ENTRADA AGREGADA--NOMBRE PERSONAL
Nombre de persona Gómez-Robledo Verduzco, Alonso.
9 (RLIN) 58134
852 ## - LOCALIZACIÓN
Ubicación ES-MaACL
Número de control de estantería L-3856
Sublocalización o colección R.104741
Existencias
Estatus retirado Estado de pérdida Estado de daño No para préstamo Biblioteca de origen Biblioteca actual Ubicación en estantería Fecha de adquisición Fuente de adquisición Total de préstamos Signatura topográfica completa Código de barras Visto por última vez Precio de reemplazo Tipo de ítem Koha
        Biblioteca del Ateneo de Madrid Biblioteca del Ateneo de Madrid Depósito 2 17/01/2008     L-3856 1131427 23/02/2023 23/02/2023 Libro impreso